Hardvérové a softvérové vybavenie malého podniku bakalárska práca

Saved in:
Bibliographic Details
Main Author: Vróbeľ, Michal
Corporate Author: Fakulta podnikového manažmentu EU. Katedra informačného manažmentu
Other Authors: Bolek, Vladimír, 1988-
Format: Book
Language:Slovak
Published: Bratislava 2014
Tags: Add Tag
No Tags, Be the first to tag this record!

MARC

LEADER 00000nbm a2200000 4500
001 0191703
005 20170315090445.4
041 0 |a slo 
044 |a SK 
245 1 0 |a Hardvérové a softvérové vybavenie malého podniku  |b bakalárska práca  |c Michal Vróbeľ ; školiteľ: Vladimír Bolek 
264 1 |a Bratislava  |c 2014 
300 |a 51 s. 
100 1 |a Vróbeľ, Michal 
700 1 |a Bolek, Vladimír, 1988- 
710 2 |a Fakulta podnikového manažmentu EU. Katedra informačného manažmentu